Then Tày

Bewaard in:
Bibliografische gegevens
Hoofdauteur: Nguyễn THị Yên
Formaat: Boek
Taal:Vietnamese
Gepubliceerd in: Dân Tộc 2010
Onderwerpen:
Tags: Voeg label toe
Geen labels, Wees de eerste die dit record labelt!
Thư viện lưu trữ: Mạng thư viện Đại học Đà Nẵng
LEADER 01134nam a22003371a 4500
001 000036166
003 12459
005 20160328000000.0
008 160328s2010 vm 000 vie
020 |a 978-604-70-0030-2 
041 |a vie 
082 |a 398.2  |b NG-Y 
100 |a Nguyễn THị Yên 
245 |a Then Tày  |c Nguyễn Thị Yên 
260 |a Dân Tộc  |c 2010 
300 |a 822tr. : mh :20cm 
650 |a Then Tày,Nguyễn THị Yên,2010 
852 |b Chuyên đề  |c Ngôn ngữ tiếng Việt 2 
OWN |a LNN 
AVA |a UDN50  |b LNN  |d 398.2 NG-Y  |e available  |t Error 5001 Not defined in file expand_doc_bib_avail.  |f 1  |g 0  |h N  |i 0  |k 1 
999 |a From the UDN01 
AVA |a UDN50  |b LNN  |d 398.2 NG-Y  |e available  |t Error 5001 Not defined in file expand_doc_bib_avail.  |f 1  |g 0  |h N  |i 0  |k 1 
TYP |a Monograph 
TYP |a Printed language 
980 |a Mạng thư viện Đại học Đà Nẵng